000 00522nam a2200145 i 4500
001 79894
003 ES-MaACL
007 t|
008 041025s1946 sp ||||1| spa d
100 1 _aHerrán de las Pozas, José Pablo de la.
_963153
245 1 0 _aDerecho notarial
_b: ajustado al programa de oposiciones libres a notarios, de 14 de septiembre de 1945 /
_cJosé Pablo de la Herrán de las Pozas.
260 _aMadrid :
_bM. Aguilar,
_c1946 (
_fOrbe)
300 _a443 p. ;
_c19 cm.
852 _aES-MaACL
_jE-2037
_bR.21967
999 _c79894
_d79894